|
|
|
|
| LEADER |
01117pam a22003018a 4500 |
| 001 |
00026689 |
| 005 |
20171026081023.0 |
| 008 |
110816s2010 ||||||viesd |
| 020 |
|
|
|c 65000
|
| 041 |
0 |
# |
|a vie
|
| 082 |
1 |
# |
|a 959.703
|b GI108TR
|
| 100 |
1 |
# |
|a Nguyễn Ngọc Cơ
|
| 245 |
1 |
0 |
|a Giáo trình lịch sử Việt Nam
|c Nguyễn Ngọc Cơ (ch.b.), Trần Đức Cường
|n T.4
|p Từ 1858 đến 1918
|
| 250 |
# |
# |
|a In lần thứ 2
|
| 260 |
# |
# |
|a H.
|b Đại học Sư phạm
|c 2010
|
| 300 |
# |
# |
|a 360 tr.
|b hình vẽ, ảnh
|c 24 cm.
|
| 650 |
|
|
|a Kháng chiến chống Pháp
|
| 650 |
|
|
|a Việt Nam
|
| 650 |
|
|
|a Lịch sử cận đại
|
| 700 |
1 |
# |
|a Trần Đức Cường
|
| 852 |
# |
# |
|b Kho giáo trình
|j KGT.0032156, KGT.0032157, KGT.0032158, KGT.0032159
|
| 852 |
# |
# |
|j KGT.0032159
|j KD.0010802
|j KGT.0032157
|j KGT.0032158
|j KGT.0032156
|
| 852 |
# |
# |
|b Kho đọc
|j KD.0010802
|
| 852 |
# |
# |
|b Kho mượn
|j KGT.0032156
|
| 910 |
|
|
|d 16/08/2011
|
| 980 |
# |
# |
|a Trung tâm Học liệu Lê Vũ Hùng, Trường Đại học Đồng Tháp
|